[Event "EU-chT (Men)"]
[Site "Debrecen"]
[Date "1992.??.??"]
[Round "2"]
[White "Bologan, Viktor"]
[Black "Piket, Jeroen"]
[Result "1-0"]
[WhiteElo "2585"]
[BlackElo "2615"]

1.e4 e5 2.Nf3 Nc6 3.Bc4 Nf6 4.d3 Be7 5.O-O O-O 6.Re1 d6 7.c3 Na5 8.Bb5 a6
9.Ba4 c5 10.Nbd2 b5 11.Bc2 Re8 12.Nf1 Bb7 13.a3 Rc8 14.Ne3 c4 15.Nf5 Bf8
16.Bg5 h6 17.Bh4 g6 18.Bxf6 Qxf6 19.Ne3 cxd3 20.Qxd3 Nc4 21.Rab1 Rc5 22.Nd2 Rec8
23.Ndxc4 bxc4 24.Qe2 h5 25.Rbd1 Qe6 26.Rd2 Bc6 27.Qd1 Rb8 28.Bb1 Qe7 29.Ba2 Bh6
30.Bb1 Qb7 31.Qf3 Rb5 32.Ree2 Rb3 33.Nxc4 Bxd2 34.Rxd2 Qc7 35.Ba2 Ba4 36.Bxb3 Bxb3
37.Nxd6 Qc5 38.h3 a5 39.c4 Qa7 40.Qf6 a4 41.Qxe5 Qc7 42.Nxf7  1-0

[Event "EU-chT (Men)"]
[Site "Debrecen"]
[Date "1992.??.??"]
[Round "5"]
[White "Bologan, Viktor"]
[Black "Kotronias, Vasilios"]
[Result "1/2-1/2"]
[WhiteElo "2585"]
[BlackElo "2560"]

1.e4 e5 2.Nf3 Nc6 3.Bb5 a6 4.Ba4 Nf6 5.O-O Nxe4 6.d4 b5 7.Bb3 d5 8.dxe5 Be6
9.Nbd2 Nc5 10.c3 Be7 11.Bc2 Bg4 12.h3 Bh5 13.Re1 Qd7 14.Nb3 Ne6 15.Bf5 Bg6
16.g4 O-O 17.Be3 Rad8 18.Qe2 a5 19.Rad1 Rfe8 20.Kg2 a4 21.Nc1 Na5 22.Nd3 Nc4
23.b3 Nxe3+ 24.Qxe3 axb3 25.axb3 c5 26.b4 Qc6 27.Bxg6 hxg6 28.Nxc5 Bxc5 29.bxc5 Rc8
30.Nd4 Qxc5 31.Rb1 Qxc3 32.Nxe6 fxe6 33.Rxb5 Qc4 34.Rbb1 Rf8  1/2-1/2

[Event "EU-chT (Men)"]
[Site "Debrecen"]
[Date "1992.??.??"]
[Round "7"]
[White "Kuczynski, Robert"]
[Black "Bologan, Viktor"]
[Result "1/2-1/2"]
[WhiteElo "2500"]
[BlackElo "2585"]

1.e4 g6 2.d4 Bg7 3.Nf3 d6 4.Be2 Nf6 5.Nc3 O-O 6.O-O c6 7.a4 Nbd7 8.Re1 e5
9.Bf1 Re8 10.d5 cxd5 11.exd5 a6 12.h3 b6 13.Nd2 Bb7 14.Nc4 Qc7 15.b3 Nc5
16.Be3 Rab8 17.Qd2 Nfe4 18.Nxe4 Nxe4 19.Qb4 Bxd5 20.Bxb6 Qc6 21.a5 Be6 22.Ne3 Nc5
23.Rad1 Bf8 24.Qc3 Rec8 25.b4 Na4 26.Qxc6 Rxc6 27.b5 axb5 28.Bxb5 Rcxb6 29.axb6 Nc3
30.Bc4 Nxd1 31.Rxd1 Rxb6 32.Nd5 Rc6 33.Bb3 Kg7 34.h4 Rc5 35.g3 Bg4 36.Rd3 e4
37.Rd4 Ra5 38.Ra4 Rxa4 39.Bxa4 Bc8 40.Kf1 f5 41.Ke2 Ba6+ 42.Ke3 Kf7 43.Bb3 Bh6+
44.Kd4 Bg7+ 45.Ke3 Kf8 46.Nc7 Bh6+ 47.Kd4 Bc8 48.Ne6+ Ke7 49.Nf4 Bg7+ 50.Ke3 Bb2
51.Nd5+ Kf8 52.Bc4 Bc1+ 53.Ke2 Kg7 54.Kd1 Bb2 55.Ke2 Bd4 56.Ne7 Bd7 57.Nd5 Ba4
58.c3 Be5 59.Kd2 Bc6 60.Ne7 Bd7 61.Nd5 Be6 62.Bb3 Bf7 63.Bc4 Kh6 64.Bb3 g5
65.hxg5+ Kxg5 66.c4 f4 67.gxf4+ Bxf4+ 68.Kc3 Be5+ 69.Kd2 Bd4 70.Bc2 Bxd5
71.cxd5 Kf4 72.Ke2 h5 73.Kf1 h4 74.Kg2 Ke5 75.Bb3 Bb6 76.Kg1 Kd4 77.Ba2 Kc3
78.Bb1 Bxf2+ 79.Kxf2 Kd4 80.Bc2 e3+ 81.Ke1 h3 82.Bd1 Ke4 83.Kf1 Kd3 84.Ke1 Ke4
85.Kf1 h2 86.Kg2 Kxd5 87.Kxh2 Kd4 88.Kg2 Kd3 89.Kf3 d5 90.Be2+ Kd2 91.Ba6 d4
92.Ke4 e2 93.Bxe2 Kxe2 94.Kxd4  1/2-1/2

[Event "Manila ol (Men)"]
[Site "Manila"]
[Date "1992.??.??"]
[Round "?"]
[White "Cebalo, Miso"]
[Black "Bologan, Viktor"]
[Result "1/2-1/2"]
[WhiteElo "2515"]
[BlackElo "2585"]

1.d4 d5 2.Nf3 Nf6 3.c4 c6 4.Nc3 a6 5.c5 Nbd7 6.h3 Qc7 7.Bg5 g6 8.e3 Bg7 9.Bf4 Qd8
10.Be2 Ne4 11.Nxe4 dxe4 12.Nd2 e5 13.dxe5 Nxc5 14.Nc4 O-O 15.Qxd8 Rxd8 16.Nb6 Ra7
17.O-O Be6 18.Rfd1 Re8 19.Rac1 Bf8 20.Bc4 Be7 21.Bxe6 fxe6 22.Bg5 Bxg5 23.Rxc5 Rd8
24.Rcc1 a5 25.b3 Ra6 26.Rxd8+ Bxd8 27.Nd7 Be7 28.Rc4 b5 29.Rc3 Bb4 30.Rc2 c5
31.Nf6+ Kh8 32.Nxe4 a4 33.g4 a3 34.Rc1 Rc6 35.Nd6 Rb6 36.Kf1 Kg7 37.Ke2 Kf8
38.g5 Rb8 39.h4 Ke7 40.f4 c4 41.bxc4 Bxd6 42.exd6+ Kxd6 43.cxb5 Rxb5 44.Rd1+ Ke7
45.Kd3 e5 46.fxe5 Rd5+ 47.Kc2 Rxe5 48.Rd3 Re4 49.Rxa3 Rxh4 50.Kd3 Kd6 51.Ra7 Kc5
52.Rc7+ Kd5 53.Ra7 Kc5 54.Rf7 Kd5 55.Rf4 Rh1 56.a4 Ra1 57.Rb4 Rd1+ 58.Ke2 Ra1
59.Kd3 Ra3+ 60.Kd2 Ra2+ 61.Kd3 Ra3+ 62.Ke2 Ra1 63.Kf2 Rh1 64.Rb7 Ke4 65.Kg2 Ra1
66.Rxh7 Kxe3 67.Rh4 Ra2+ 68.Kg3 Ra1 69.Rg4 Rg1+ 70.Kh3 Ra1  1/2-1/2

[Event "Manila ol (Men)"]
[Site "Manila"]
[Date "1992.??.??"]
[Round "?"]
[White "Bologan, Viktor"]
[Black "Nadera, Barlo A"]
[Result "1-0"]
[WhiteElo "2585"]
[BlackElo "2390"]

1.e4 e6 2.d4 d5 3.Nc3 Bb4 4.e5 c5 5.a3 Bxc3+ 6.bxc3 Ne7 7.Nf3 Nbc6 8.Rb1 Qc7
9.h4 h6 10.h5 Bd7 11.Be2 O-O-O 12.O-O f6 13.Bf4 f5 14.dxc5 g5 15.hxg6 Nxg6
16.Bh2 Qa5 17.Nd4 Qxc5 18.Nb5 Ngxe5 19.Re1 a6 20.Nd4 Nf7 21.Qd3 Qa7 22.Qg3 e5
23.Qg6 Rhf8 24.Nxc6 Bxc6 25.Qe6+ Rd7 26.Bh5 Ng5 27.Qxe5 Ne4 28.Rxe4 dxe4
29.Be8 f4 30.Bxd7+ Bxd7 31.Bxf4 b5 32.Rd1 Re8 33.Qd5 e3 34.Bxe3 Rxe3 35.fxe3 Qxe3+
36.Kh1 Qa7 37.Qg8+ Kc7 38.Rxd7+  1-0

[Event "Manila ol (Men)"]
[Site "Manila"]
[Date "1992.??.??"]
[Round "?"]
[White "Bologan, Viktor"]
[Black "Wittmann, Walter"]
[Result "1-0"]
[WhiteElo "2585"]
[BlackElo "2380"]

1.e4 c5 2.Nf3 d6 3.d4 cxd4 4.Nxd4 Nf6 5.Nc3 Nc6 6.Bg5 Bd7 7.Qd2 Rc8 8.O-O-O Nxd4
9.Qxd4 Qa5 10.Bxf6 gxf6 11.f4 h5 12.Kb1 h4 13.Nd5 Qc5 14.Qd2 a5 15.Bd3 Bg7
16.Ne3 Bh6 17.Rhf1 b5 18.Nf5 Bf8 19.Rf3 e6 20.Ne3 b4 21.Bc4 Bc6 22.Qd3 f5
23.exf5 Bxf3 24.gxf3 exf5 25.Re1 Kd8 26.Bxf7 Rh6 27.Nd5 Be7 28.Qe2 Rc7 29.Nxe7 Rh7
30.Nd5  1-0

[Event "Manila ol (Men)"]
[Site "Manila"]
[Date "1992.??.??"]
[Round "?"]
[White "Lautier, Joel"]
[Black "Bologan, Viktor"]
[Result "1-0"]
[WhiteElo "2580"]
[BlackElo "2585"]

1.c4 Nf6 2.Nc3 g6 3.e4 d6 4.d4 Bg7 5.f3 O-O 6.Be3 Nbd7 7.Nh3 c6 8.Qd2 e5
9.Be2 a6 10.Nf2 exd4 11.Bxd4 b5 12.Rd1 Qa5 13.a3 bxc4 14.Bxc4 d5 15.Ba2 Bb7
16.O-O Qc7 17.Rfe1 Rad8 18.e5 Ne8 19.e6 fxe6 20.Rxe6 Nef6 21.Rde1 Rf7 22.b4 a5
23.Na4 axb4 24.axb4 Ra8 25.Bb3 Nf8 26.Be5 Qc8 27.Rxf6 Bxf6 28.Bxf6 Rxf6 29.Nc5 Rf7
30.Ng4 Qc7 31.Qb2 Rg7 32.Nf6+ Kf7 33.Na4 h6 34.Ng4 Kg8 35.Nf6+ Kh8 36.Ne8 Rxe8
37.Rxe8 Qf7 38.Qe5 h5 39.Nb6 Qd7 40.Rxf8+ Kh7 41.Nxd7  1-0

[Event "Manila ol (Men)"]
[Site "Manila"]
[Date "1992.??.??"]
[Round "?"]
[White "Gausel, Einar"]
[Black "Bologan, Viktor"]
[Result "1-0"]
[WhiteElo "2445"]
[BlackElo "2585"]

1.Nf3 d6 2.c4 e5 3.Nc3 f5 4.d4 e4 5.Ng5 c6 6.Nh3 Be7 7.e3 Nf6 8.Nf4 O-O 9.h4 Na6
10.Be2 Nc7 11.d5 Nd7 12.h5 c5 13.b3 Bf6 14.Bb2 Ne5 15.Qd2 Bd7 16.Rd1 Qe7
17.Kf1 Rfd8 18.a4 a6 19.a5 Rab8 20.Ra1 b5 21.axb6 Rxb6 22.Qc2 Rdb8 23.Ra3 a5
24.Ba1 Na6 25.g3 Nb4 26.Qd1 Nbd3 27.Kg2 a4 28.Nxa4 Bxa4 29.Rxa4 Rxb3 30.h6 Nxf4+
31.exf4 Nf3 32.hxg7 Nd4 33.Ra2 Qxg7 34.Bxd4 cxd4 35.Qxb3 Rxb3 36.Ra8+ Qf8
37.Rxf8+ Kxf8 38.Rxh7 d3 39.Bh5 Bd4 40.Rf7+ Kg8 41.Rxf5 Rb2 42.Rg5+ Kh8 43.Rg6 Rxf2+
44.Kh3 Rf3 45.Bxf3 exf3 46.Kg4 Kh7 47.Rg5 f2 48.Rh5+ Kg6 49.Rh1 Bc3 50.Kf3 Be1
51.g4  1-0

[Event "Moscow rapid"]
[Site "Moscow"]
[Date "1992.??.??"]
[Round "?"]
[White "Bologan, Viktor"]
[Black "Savon, Vladimir A"]
[Result "1/2-1/2"]
[WhiteElo "2555"]
[BlackElo "2420"]

1.e4 c5 2.Nf3 d6 3.d4 cxd4 4.Nxd4 Nf6 5.Nc3 a6 6.Be3 Nc6 7.Be2 e5 8.Nb3 Be7
9.Qd2 O-O 10.O-O-O a5 11.a4 Be6 12.Kb1 Nb4 13.f4 Rc8 14.fxe5 Nxe4 15.Nxe4 Rxc2
16.Qxc2 Nxc2 17.Kxc2 Qc7+ 18.Nc3 dxe5 19.Nc1 Bb4 20.Bb5 f5 21.g3 Bxc3 22.bxc3 Rc8
23.Ne2 f4 24.gxf4 Bg4 25.Bd2 exf4 26.Kb2 Rf8 27.Nd4 Bxd1 28.Rxd1 Qc8 29.Rf1 f3
30.Nxf3 h6 31.Re1 Rxf3 32.Re8+ Qxe8 33.Bxe8  1/2-1/2

[Event "Oakham"]
[Site "Oakham"]
[Date "1992.??.??"]
[Round "1"]
[White "Kogan, Artur"]
[Black "Bologan, Viktor"]
[Result "0-1"]
[WhiteElo "2370"]
[BlackElo "2585"]

1.e4 c5 2.Nf3 e6 3.d4 cxd4 4.Nxd4 a6 5.Bd3 g6 6.Nc3 d6 7.Be3 Nf6 8.Qe2 Nbd7
9.f4 b5 10.O-O Bb7 11.a3 Bg7 12.Nf3 O-O 13.Bd4 Qc7 14.Rae1 e5 15.fxe5 dxe5
16.Be3 Nc5 17.Bg5 Ne6 18.Qd2 Nxg5 19.Qxg5 Rad8 20.h3 Nh5 21.Nh2 Nf4 22.Qg3 Rd7
23.Ng4 Rfd8 24.Rf3 b4 25.axb4 Qb6+ 26.Nf2 Qxb4 27.Rb1 Rc7 28.Qh4 g5 29.Qxg5 f6
30.Qg4 Rxc3 31.Rd1 Rcc8 32.Rg3 Qe7 33.Bc4+ Kh8 34.Rxd8+ Rxd8 35.Nd3 Bxe4
36.Nxf4 exf4 37.Qxf4 Qc5+ 38.Re3 f5 39.Qg5 Rf8  0-1

[Event "Oakham"]
[Site "Oakham"]
[Date "1992.??.??"]
[Round "2"]
[White "Bologan, Viktor"]
[Black "Galliamova, Alisa"]
[Result "1-0"]
[WhiteElo "2585"]
[BlackElo "2410"]

1.e4 c5 2.Nf3 Nc6 3.d4 cxd4 4.Nxd4 Nf6 5.Nc3 d6 6.Bg5 e6 7.Qd2 a6 8.O-O-O h6
9.Be3 Bd7 10.f3 b5 11.Nxc6 Bxc6 12.Ne2 Bb7 13.g4 d5 14.e5 Nd7 15.Bd4 Qg5
16.Nf4 Bb4 17.Qxb4 Qxf4+ 18.Kb1 Qxf3 19.Bd3 Qf4 20.h4 a5 21.Qd6 b4 22.Bb5 O-O-O
23.Ba7  1-0

[Event "Oakham"]
[Site "Oakham"]
[Date "1992.??.??"]
[Round "5"]
[White "Mueller, Karsten"]
[Black "Bologan, Viktor"]
[Result "0-1"]
[WhiteElo "2460"]
[BlackElo "2585"]

1.e4 c5 2.Nf3 e6 3.d4 cxd4 4.Nxd4 a6 5.Nc3 b5 6.g3 Bb7 7.Bg2 Nf6 8.a3 d6
9.O-O Qc7 10.Re1 Be7 11.g4 h6 12.h4 g6 13.g5 hxg5 14.hxg5 Nh5 15.Nde2 Nc6
16.Be3 Ne5 17.Qd4 f6 18.Nf4 Nxf4 19.Bxf4 fxg5 20.Bxe5 dxe5 21.Qd3 O-O 22.Qh3 Qb6
23.Re2 Kg7 24.Rd1 Rae8 25.Rd3 Rf4 26.Nd1 Rh8 27.Qg3 Bc6 28.Ne3 Rhh4 29.Bf3 Rxf3
30.Qxf3 Bxe4 31.Nf5+ exf5  0-1

[Event "Oakham"]
[Site "Oakham"]
[Date "1992.??.??"]
[Round "6"]
[White "Bologan, Viktor"]
[Black "Hauchard, Arnaud"]
[Result "1/2-1/2"]
[WhiteElo "2585"]
[BlackElo "2420"]

1.e4 Nf6 2.e5 Nd5 3.d4 d6 4.Nf3 dxe5 5.Nxe5 Nd7 6.Nf3 e6 7.Be2 Be7 8.O-O O-O
9.c4 N5f6 10.Nc3 c5 11.Bf4 cxd4 12.Qxd4 Nc5 13.Rfd1 Qxd4 14.Nxd4 Nfe4 15.Nxe4 Nxe4
16.Bf3 Ng5 17.Be2 Ne4 18.Rac1 a6 19.g3 f5 20.Nf3 Bc5 21.Be3 Bxe3 22.fxe3 Kf7
23.c5 Kf6 24.Bd3 Ng5 25.Nxg5 Kxg5 26.Bc4 Kf6 27.Rd6 Rf7 28.e4 Rc7 29.exf5 Rxc5
30.fxe6 b5 31.Rf1+ Ke7 32.Rd7+ Bxd7 33.Rf7+ Kd6 34.Rxd7+ Ke5 35.e7 Kf6 36.Rd8 Kxe7
37.Rxa8 Rxc4 38.Ra7+ Kf8 39.Rxa6 Rc1+ 40.Kg2 Rc2+ 41.Kf3 Rxb2  1/2-1/2

[Event "Oakham"]
[Site "Oakham"]
[Date "1992.??.??"]
[Round "7"]
[White "Tiviakov, Sergei"]
[Black "Bologan, Viktor"]
[Result "0-1"]
[WhiteElo "2575"]
[BlackElo "2585"]

1.e4 c5 2.Nf3 e6 3.d4 cxd4 4.Nxd4 a6 5.Nc3 b5 6.Bd3 d6 7.O-O Nf6 8.a4 b4
9.Na2 Qb6 10.a5 Qb7 11.Re1 Be7 12.Bd2 e5 13.Nf5 Bxf5 14.exf5 e4 15.Bxb4 exd3
16.Bxd6 Ng8 17.Qxd3 Nc6 18.Qc3 Kf8 19.Rad1 h5 20.Re3 Rh6 21.Qc5 Rxd6 22.Rxd6 Qxb2
23.g3 Bxd6 24.Qxc6 Rd8 25.Nc3 Qa1+ 26.Kg2 Qxa5 27.Ne4 Ne7 28.Qb7 Nxf5 29.Rd3 Be7
30.Rf3 Qd5  0-1

[Event "Oakham"]
[Site "Oakham"]
[Date "1992.??.??"]
[Round "8"]
[White "Bologan, Viktor"]
[Black "Kramnik, Vladimir"]
[Result "1/2-1/2"]
[WhiteElo "2585"]
[BlackElo "2590"]

1.e4 c5 2.Nf3 d6 3.d4 cxd4 4.Nxd4 Nf6 5.Nc3 Nc6 6.Be2 e5 7.Nf3 h6 8.O-O Be7
9.Re1 O-O 10.h3 Be6 11.Bf1 Qa5 12.Bd2 Qd8 13.Bc1 Qa5  1/2-1/2

[Event "Oviedo rapid45"]
[Site "Oviedo"]
[Date "1992.??.??"]
[Round "5"]
[White "Guimaraes, Jorge"]
[Black "Bologan, Viktor"]
[Result "1-0"]
[WhiteElo "2305"]
[BlackElo "2585"]

1.e4 c5 2.Nf3 e6 3.d4 cxd4 4.Nxd4 a6 5.Be2 Nf6 6.Bf3 d6 7.O-O Be7 8.c4 Nbd7
9.g3 Qc7 10.b3 Rb8 11.Bb2 b6 12.Nc3 Bb7 13.Rc1 O-O 14.Re1 Rbc8 15.Bg2 Qb8
16.Qe2 Rfe8 17.h3 Bf8 18.Qd2 Nc5 19.Re2 g6 20.Rd1 Bg7 21.Ba1 Qa8 22.Rde1 Red8
23.Nc2 b5 24.b4 Ncd7 25.cxb5 Ne5 26.Na3 axb5 27.Naxb5 Ba6 28.a4 Bxb5 29.axb5 Nfd7
30.f4 Nc4 31.Qd3 Ndb6 32.Ra2 Qb7 33.Kh2 Qd7 34.Ra6 h5 35.h4 Kh7 36.Bh3 Qe7
37.Na4 Nxa4 38.Bxg7 Kxg7 39.Rxa4 Qf6 40.Ra7 Kg8 41.Re2 Nb6 42.Qe3 Nc4 43.Qd3 Nb6  1-0

[Event "Oviedo rapid45"]
[Site "Oviedo"]
[Date "1992.??.??"]
[Round "7"]
[White "Hoang Than Trang"]
[Black "Bologan, Viktor"]
[Result "0-1"]
[WhiteElo "2300"]
[BlackElo "2585"]

1.d4 Nf6 2.c4 g6 3.Nc3 Bg7 4.e4 d6 5.Nf3 O-O 6.Be2 e5 7.O-O Nc6 8.Be3 Ng4
9.Bg5 f6 10.Bh4 Kh8 11.dxe5 Ngxe5 12.h3 g5 13.Bg3 Be6 14.Nd5 Nxf3+ 15.Bxf3 f5
16.exf5 Bxf5 17.Bg4 Nd4 18.Ne3 Be4 19.Qd2 Qe8 20.Nd5 Bxd5 21.cxd5 h5 22.Be6 Qg6
23.Rac1 c5 24.Rfe1 Rad8 25.b4 b6 26.bxc5 dxc5 27.Qd1 Rfe8 28.Qa4 Nxe6 29.dxe6 Rxe6
30.Qxa7 Bd4 31.Qc7 Rde8 32.Rxe6 Qxe6 33.Rb1 h4 34.Bd6 c4 35.Rd1 Bxf2+ 36.Kh2 Kg8
37.Rf1 Rc8 38.Qe7 Bg3+ 39.Kh1 Qxe7 40.Bxe7 Bf4 41.Rf2 c3 42.Rc2 Bg3 43.Bxg5 Re8
44.Rc1 Re1+ 45.Rxe1 Bxe1 46.Kh2 Bd2  0-1

[Event "Oviedo rapid45"]
[Site "Oviedo"]
[Date "1992.??.??"]
[Round "11"]
[White "Rodriguez Vargas, Orestes"]
[Black "Bologan, Viktor"]
[Result "1-0"]
[WhiteElo "2455"]
[BlackElo "2585"]

1.d4 d6 2.e4 Nf6 3.Bd3 e5 4.d5 Be7 5.c4 O-O 6.h3 Na6 7.Nc3 Nc5 8.Bc2 a5 9.g4 c6
10.Nf3 cxd5 11.exd5 Bd7 12.Be3 Rc8 13.Qe2 a4 14.Nd2 Qa5 15.Rb1 Na6 16.a3 Ne8
17.Rg1 Nec7 18.g5 b5 19.Nde4 Ne8 20.cxb5 Nac7 21.Bd2 Qa8 22.Qd3 g6 23.Bxa4 Qb7
24.Rc1 Ra8 25.b3 Bf5 26.Be3 Ra5 27.Rd1 Bd7 28.b6 Bxa4 29.bxa4 Na6 30.Rb1 f5
31.gxf6 Nxf6 32.Rb5 Rxb5 33.axb5 Nb8 34.a4 Qa8  1-0

[Event "Biel op"]
[Site "Biel"]
[Date "1993.??.??"]
[Round "1"]
[White "Timmer, Robert"]
[Black "Bologan, Viktor"]
[Result "0-1"]
[WhiteElo "2290"]
[BlackElo "2510"]

1.d4 Nf6 2.Nf3 g6 3.Bf4 Bg7 4.e3 O-O 5.Be2 d6 6.h3 Nbd7 7.O-O b6 8.c4 Bb7
9.Nc3 e6 10.b4 Qe7 11.Qb3 a6 12.Bh2 Ne4 13.Nxe4 Bxe4 14.Nd2 Bb7 15.Bf3 Bxf3
16.Nxf3 a5 17.c5 bxc5 18.bxc5 dxc5 19.Qa3 Rfc8 20.Rac1 Bf8 21.dxc5 Nxc5 22.Nd4 Ra6
23.Rc2 e5 24.Ne2 Qd6 25.f4 e4 26.f5 Qd3 27.Qc1 Qd5 28.fxg6 hxg6 29.Nf4 Qg5
30.Rd1 Rd6 31.Rd4 Rxd4 32.exd4 Na6 33.Rc6 Nb4 34.Rxc7 Nxa2 35.Qc4 Rxc7 36.Qxc7 Nb4
37.Qc4 a4 38.Qc3 a3 39.Qxa3 Nd3 40.h4 Qxf4 41.Qxd3 Qxh2+  0-1

[Event "Biel op"]
[Site "Biel"]
[Date "1993.??.??"]
[Round "3"]
[White "Nemet, Ivan"]
[Black "Bologan, Viktor"]
[Result "0-1"]
[WhiteElo "2410"]
[BlackElo "2510"]

1.d4 Nf6 2.c4 g6 3.Nc3 Bg7 4.Nf3 O-O 5.g3 d6 6.Bg2 Nc6 7.O-O a6 8.b3 Rb8
9.Bb2 b5 10.Ne1 Bd7 11.cxb5 axb5 12.Rc1 b4 13.Na4 Na5 14.Nd3 Bxa4 15.bxa4 Qd7
16.e4 c6 17.Re1 Qa7 18.Qd2 b3 19.a3 d5 20.e5 Nd7 21.Nb4 Nb6 22.Bf1 Nbc4 23.Bxc4 dxc4
24.Qe3 e6 25.h4 Rbc8 26.h5 Rfd8 27.Red1 Bf8 28.Qf3 Qb7 29.Qf4 Rd7 30.Re1 Rcd8
31.Bc3 Qb6 32.Re4 c5 33.dxc5 Bxc5 34.Ree1 Be7 35.h6 Bf8 36.g4 Be7 37.g5 Nb7
38.Re3 Rd1+ 39.Rxd1 Rxd1+ 40.Kg2 Qc7 41.Rf3 Nd8 42.a5 Rd7 43.a6 Qc5 44.a7 Qc8
45.Bd4 Qa8 46.Kg3 Rxa7 47.Bb2 Rc7 48.Qc1 Qc8 49.Rc3 Rc5 50.f4 Nc6 51.Nxc6 Qxc6
52.a4 Rd5 53.Rxc4 Rd3+ 54.Kh4 Qf3 55.Rc8+ Bd8 56.Rxd8+ Rxd8 57.Bd4 b2  0-1

[Event "Biel op"]
[Site "Biel"]
[Date "1993.??.??"]
[Round "4"]
[White "Bologan, Viktor"]
[Black "Wahls, Matthias"]
[Result "1/2-1/2"]
[WhiteElo "2510"]
[BlackElo "2480"]

1.e4 d5 2.exd5 Qxd5 3.Nc3 Qa5 4.d4 c6 5.Nf3 Nf6 6.Bc4 Bf5 7.Bd2 e6 8.Qe2 Bb4
9.O-O-O Nbd7 10.Kb1 Nb6 11.Bb3 Bxc3 12.Bxc3 Qb5 13.Qxb5 cxb5 14.d5 Nbxd5
15.Bxf6 Nxf6 16.Nd4 Be4 17.Nxb5 Bxg2 18.Rhg1 Bf3 19.Nc7+ Ke7 20.Rde1 Rag8
21.Nxe6 fxe6 22.Rxe6+ Kf8 23.Rge1 Bd5 24.Re7 Bxb3 25.axb3 h5 26.Rxb7 Rh6
27.Ree7 a6 28.c4 g5 29.Rf7+ Ke8 30.Rbe7+ Kd8 31.Ra7 Ke8 32.c5 Rgg6 33.c6 Nd5
34.Rfb7 Rd6 35.Rg7 Kf8 36.Raf7+ Ke8 37.Ra7 Kf8 38.c7 Rc6 39.Rd7 Nxc7  1/2-1/2

[Event "Biel op"]
[Site "Biel"]
[Date "1993.??.??"]
[Round "5"]
[White "Tseshkovsky, Vitaly"]
[Black "Bologan, Viktor"]
[Result "0-1"]
[WhiteElo "2495"]
[BlackElo "2510"]

1.e4 g6 2.d4 Bg7 3.Nc3 c6 4.Bc4 d6 5.Nf3 Nf6 6.e5 dxe5 7.Nxe5 O-O 8.O-O Nbd7
9.h3 c5 10.Be3 cxd4 11.Bxd4 Nxe5 12.Bxe5 Qxd1 13.Raxd1 Nd7 14.Bxg7 Kxg7 15.Rfe1 e6
16.Bf1 b6 17.g4 g5 18.Bg2 Rb8 19.Nb5 a6 20.Nd6 Nf6 21.c4 h5 22.Rd4 hxg4 23.hxg4 a5
24.b3 Ng8 25.Re5 f6 26.Ree4 e5 27.Rd2 Be6 28.Bf3 Nh6 29.Kg2 Rfd8 30.Kg3 Nf7
31.c5 bxc5 32.Nc4 a4 33.Rxd8 Nxd8 34.Re3 Rb4 35.Be2 Nc6 36.Nd2 Nd4 37.Bd1  0-1

[Event "Biel op"]
[Site "Biel"]
[Date "1993.??.??"]
[Round "9"]
[White "Howell, James C"]
[Black "Bologan, Viktor"]
[Result "1-0"]
[WhiteElo "2505"]
[BlackElo "2510"]

1.e4 c5 2.Nf3 d6 3.d4 cxd4 4.Nxd4 Nf6 5.Nc3 Nc6 6.Bc4 e6 7.Be3 a6 8.Bb3 Be7
9.f4 Qc7 10.Qf3 Bd7 11.O-O-O Rc8 12.g4 Nxd4 13.Rxd4 Bc6 14.g5 Nd7 15.f5 Ne5
16.Qh3 exf5 17.Qxf5 b5 18.Nd5 Bxd5 19.Rxd5 O-O 20.Kb1 Nc4 21.Qf2 Qd7 22.Bf4 Rfe8
23.Rhd1 Qe6 24.Bxd6 Bxd6 25.Bxc4 Rxc4 26.Rxd6 Qxe4 27.Rxa6 Rec8 28.Rad6 h6
29.Rd8+ Rxd8 30.Rxd8+ Kh7 31.b3 Rc6 32.h4 hxg5 33.hxg5 Kg6 34.Qd2 Re6 35.Rd5 b4
36.Kb2 Re5 37.Rd4 Qe3 38.Qxe3 Rxe3 39.Rxb4 Kxg5 40.Rb7 Kg6 41.a4 f5 42.a5 f4
43.a6 Re8 44.a7 Ra8 45.Kc3 f3 46.Kd2  1-0

[Event "FRA"]
[Site "FRA"]
[Date "1993.??.??"]
[Round "?"]
[White "Bologan, Viktor"]
[Black "Rotstein, Arkadij"]
[Result "1-0"]
[WhiteElo "2520"]
[BlackElo "2465"]

1.e4 c5 2.Nf3 e6 3.d4 cxd4 4.Nxd4 Nf6 5.Nc3 d6 6.g4 h6 7.h3 Nc6 8.Be3 Bd7
9.Qe2 Nxd4 10.Bxd4 e5 11.Be3 Rc8 12.Bg2 Qa5 13.Qd2 b5 14.O-O Qc7 15.Rfc1 Bc6
16.Qd3 Qb7 17.Nd5 Be7 18.Qb3 O-O 19.a4 b4 20.c3 a5 21.cxb4 axb4 22.Nxe7+ Qxe7
23.Qxb4 Rb8 24.Qc4 Rfc8 25.Qa6 Qd7 26.Rc4 Ra8 27.Rxc6 Qxc6 28.Qxc6 Rxc6 29.a5 Rc4
30.Bd2 Nd7 31.b4 Rc2 32.Be1 Kf8 33.Bf1 Ke7 34.Bd3 Rb2 35.Ra3 Rc8 36.Bc3 Rxc3
37.Rxc3 Rxb4 38.a6 Ra4 39.Rc7 Ra1+ 40.Kg2 Kd8 41.Ra7 Nc5 42.Bc4 f6 43.Rxg7 Nd7
44.Bb5 Nb6 45.Rb7  1-0

[Event "FRA"]
[Site "FRA"]
[Date "1993.??.??"]
[Round "?"]
[White "Caminade, Christian"]
[Black "Bologan, Viktor"]
[Result "0-1"]
[WhiteElo "2205"]
[BlackElo "2520"]

1.e4 c5 2.Nf3 d6 3.d4 cxd4 4.Nxd4 Nf6 5.Nc3 Nc6 6.Bc4 e6 7.Be3 a6 8.Qe2 Be7
9.O-O-O Qc7 10.Bb3 O-O 11.g4 Nxd4 12.Rxd4 Nd7 13.g5 Nc5 14.Qh5 g6 15.Qh6 Re8
16.Rg1 Bf8 17.Qh4 Nxb3+ 18.axb3 b5 19.Rg3 Bb7 20.Rh3 h5 21.gxh6 Kh7 22.Bg5 Rac8
23.Bf6 e5 24.Rd2 b4 25.Nd1 Qc6 26.Re3 Re6 27.Kb1 a5 28.Bg7 Be7 29.Qg4 a4
30.bxa4 Qxa4 31.b3 Qa3 32.Nb2 Ra8 33.Na4 Bc6 34.Rd5 Bxa4 35.bxa4 Qxa4 36.Kc1 Rc8
37.Qe2 Bg5  0-1

[Event "FRA-chT2"]
[Site "FRA"]
[Date "1993.??.??"]
[Round "?"]
[White "Verat, Laurent"]
[Black "Bologan, Viktor"]
[Result "0-1"]
[WhiteElo "2285"]
[BlackElo "2520"]

1.d4 Nf6 2.c4 g6 3.Nc3 Bg7 4.e4 d6 5.Nf3 O-O 6.Be3 Nbd7 7.h3 e5 8.d5 Nc5
9.Nd2 a5 10.a3 Ne8 11.b4 axb4 12.axb4 Rxa1 13.Qxa1 Na6 14.Qa3 f5 15.Nf3 Qe7
16.c5 f4 17.cxd6 cxd6 18.Bb6 Nf6 19.Bxa6 bxa6 20.Nd2 Qb7 21.Nc4 f3 22.g3 Bxh3
23.Rxh3 Qc8 24.Nxd6 Qxh3 25.Qxa6 Bh6 26.Kd1 Qh1+ 27.Kc2 Qc1+ 28.Kb3 Bd2 29.Qc4 Ra8
30.Ba5 Bxc3 31.Qxc3 Qxc3+ 32.Kxc3 Ra6 33.Nc4 Nxe4+ 34.Kd3 Nxf2+ 35.Ke3 Ng4+
36.Kxf3 Nf6 37.b5 Ra8 38.d6 Kf7 39.Bc7 Ke6 40.Nxe5 Ra3+ 41.Ke2 Rb3 42.b6 Rb5
43.Nc6 Kd5 44.Nb8 Rb2+ 45.Kf3 Rb3+ 46.Ke2 Ke6 47.Nc6 Kd7 48.Ne5+ Kc8 49.g4 Rb5
50.Nc6 Rb2+ 51.Kf3 Nd7 52.Ne7+ Kb7 53.Nd5 Kc6 54.Ne7+ Kc5 55.Nc8 Kd5 56.Kf4 Ke6
57.Kg5 Rb5+ 58.Kh6 Kf7 59.Na7 Rc5 60.b7 Nf6  0-1

[Event "Las Palmas Pirez"]
[Site "Las Palmas"]
[Date "1993.??.??"]
[Round "1"]
[White "Bologan, Viktor"]
[Black "Menvielle Lacourrelle, Augusto"]
[Result "1-0"]
[WhiteElo "2510"]
[BlackElo "2305"]

1.e4 c5 2.Nf3 d6 3.d4 cxd4 4.Nxd4 Nf6 5.Nc3 a6 6.Be3 e6 7.Be2 Be7 8.f4 Qc7
9.O-O Nc6 10.Kh1 Bd7 11.Qe1 Nxd4 12.Bxd4 Bc6 13.Bd3 O-O 14.Qg3 b5 15.e5 Nh5
16.Qh3 g6 17.Rae1 Rad8 18.Qe3 Qb7 19.Ne4 Bxe4 20.Bxe4 d5 21.Bd3 Ng7 22.f5 exf5
23.Qh6 f6 24.Rf3 fxe5 25.Rh3 exd4 26.Qxh7+ Kf7 27.Rg3 Bh4 28.Rxg6 Bf6 29.Bxf5  1-0

[Event "Las Palmas-B"]
[Site "Las Palmas"]
[Date "1993.??.??"]
[Round "1"]
[White "Bologan, Viktor"]
[Black "Todorcevic, Miodrag"]
[Result "1-0"]
[WhiteElo "2510"]
[BlackElo "2480"]

1.e4 g6 2.d4 Bg7 3.Nc3 d6 4.f4 c6 5.Nf3 Bg4 6.Be3 Qb6 7.Qd2 Bxf3 8.gxf3 Nd7
9.O-O-O Qa5 10.Kb1 b5 11.h4 Nb6 12.h5 b4 13.Ne2 Nc4 14.Qd3 Nxe3 15.Qxe3 Nf6
16.h6 Bf8 17.d5 cxd5 18.e5 Nd7 19.e6 fxe6 20.Qxe6 Rb8 21.Nd4 Qc5 22.Bh3 Rb7
23.Rhe1 Nb6 24.f5 gxf5 25.Qxf5  1-0

[Event "Las Palmas Pirez"]
[Site "Las Palmas"]
[Date "1993.??.??"]
[Round "2"]
[White "Brito, Alfredo"]
[Black "Bologan, Viktor"]
[Result "0-1"]
[WhiteElo "2375"]
[BlackElo "2510"]

1.d4 Nf6 2.c4 g6 3.Nc3 Bg7 4.e4 d6 5.f3 O-O 6.Be3 Nbd7 7.Nge2 c5 8.Qd2 a6
9.Rd1 b6 10.Nd5 Ne8 11.Bg5 f6 12.Bh6 e6 13.Bxg7 Nxg7 14.dxc5 bxc5 15.Ne3 Rb8
16.b3 Rb6 17.Nc3 f5 18.exf5 gxf5 19.f4 Bb7 20.Be2 Nf6 21.O-O Rf7 22.Bf3 Bxf3
23.Rxf3 Rd7 24.Qc2 Qe7 25.Rf2 Qf7 26.Rfd2 Nge8 27.g3 Rb8 28.Ng2 Qh5 29.Nh4 Rg7
30.Rg2 Rbb7 31.Re1 Rbe7 32.Qe2 Kf8 33.Qd3 Nd7 34.Nf3 h6 35.Rge2 Qg6 36.Nh4 Qf6
37.Kh1 Nb8 38.Qf3 Nc7 39.Na4 Rd7 40.Nb6 Rd8 41.Na8 Re8 42.Nxc7 Rxc7 43.Qd3 Rd7
44.Nxf5 Qg6 45.Qe4 Kf7 46.Nh4 Qxe4+ 47.Rxe4 Nc6 48.Nf3 a5 49.g4 a4 50.h4 axb3
51.axb3 Rb7 52.R4e3 Kf6 53.h5 Nd4 54.Nxd4 cxd4 55.Rd3 Rg7 56.Rg1 e5 57.g5+ hxg5
58.fxg5+ Kf5 59.Rf3+ Ke4 60.Rh3 Rh8 61.g6 Kf5 62.Kg2 e4 63.Kf2 Ra8 64.Rd1 Ra2+
65.Kg3 d3 66.Rh4 Re2 67.Rf4+ Kg5 68.Rf2 Re3+ 69.Kh2 Kxh5 70.Rg1 Rxg6 71.Rf5+ Kh6
72.Rxg6+ Kxg6 73.Rd5 Kf6 74.Rxd6+ Ke5 75.Rd5+ Kf4 76.c5 Re2+ 77.Kh3 Rc2 78.b4 e3
79.b5 Rc3  0-1

[Event "Las Palmas-B"]
[Site "Las Palmas"]
[Date "1993.??.??"]
[Round "3"]
[White "Bologan, Viktor"]
[Black "Brito, Alfredo"]
[Result "1-0"]
[WhiteElo "2510"]
[BlackElo "2375"]

1.e4 g6 2.d4 Bg7 3.Nc3 d6 4.f4 c6 5.Nf3 Nd7 6.Be3 b5 7.e5 Nh6 8.Bd3 Nb6 9.Qe2 O-O
10.h3 b4 11.Ne4 Nd5 12.Bd2 f6 13.O-O-O Kh8 14.Kb1 Rb8 15.Ka1 Be6 16.Bc4 a5
17.h4 Bg4 18.Nf2 Bxf3 19.gxf3 Nf5 20.h5 Ng3 21.Qd3 Nxh1 22.Rxh1 gxh5 23.Qf5 fxe5
24.Qxh5 Nf6 25.Qh3 exd4 26.Ne4 h5 27.Ng3 d5 28.Nxh5 Nxh5 29.Qxh5+ Kg8 30.Bd3 Rf6
31.Bg6 e6 32.f5 exf5 33.Qh7+ Kf8 34.Bh6 Rxg6 35.Qxg6 Qc7 36.Bxg7+ Ke7 37.Qf6+ Kd7
38.Qxd4 Qg3 39.Be5 Qg2 40.Rh7+ Ke6 41.b3  1-0